Sobre la traducción
Wedi'i Gadw mewn:
| Prif Awdur: | |
|---|---|
| Fformat: | Llyfr |
| Iaith: | Sbaeneg |
| Cyhoeddwyd: |
Buenos Aires
Paidós
2005
|
| Rhifyn: | 1a. ed |
| Cyfres: | Espacios del Saber, 44
|
| Pynciau: | |
| Tagiau: |
Ychwanegu Tag
Dim Tagiau, Byddwch y cyntaf i dagio'r cofnod hwn!
|
MARC
| LEADER | 00000cam a2200000 a 4500 | ||
|---|---|---|---|
| 001 | UCK6743 | ||
| 003 | CL-VaPUC | ||
| 008 | 051014e20050000AG |||||||||||||||||spa|d | ||
| 020 | |a 9501265447 | ||
| 082 | 0 | 4 | |a 418.02 |b RIC |2 21 |
| 100 | 0 | |a Ricoeur, Paul |e author |9 446 | |
| 245 | 1 | 0 | |a Sobre la traducción |
| 250 | |a 1a. ed | ||
| 300 | |a 75 p | ||
| 942 | |c BK | ||
| 945 | |d 20051014 00:00:00 |a jcarroza | ||
| 260 | |a Buenos Aires |b Paidós |c 2005 | ||
| 650 | 0 | |a Traducción e interpretación |9 315998 | |
| 583 | |a last modification |c 20130730 07:04:35 |k Rodrigo Vera | ||
| 490 | 0 | |a Espacios del Saber, 44 | |
| 999 | |c 314930 |d 314928 | ||
| 952 | |0 0 |1 0 |4 0 |6 418_020000000000000_RIC_2005 |7 0 |8 R |9 387732 |a BIBEDU |b BIBEDU |d 2019-11-22 |i 4152115 |o 418.02 RIC 2005 |p 4152115 |r 2023-01-13 |w 2019-11-22 |y BK_R |k CIT | ||
| 952 | |0 0 |1 0 |4 0 |6 418_020000000000000_RIC_2005 |7 0 |8 R |9 387733 |a BIBEDU |b BIBEDU |d 2019-11-22 |i 4435346 |o 418.02 RIC 2005 |p 4435346 |r 2019-11-22 |w 2019-11-22 |y BK_R |k LIT | ||
| 952 | |0 0 |1 0 |4 0 |6 418_020000000000000_RIC_2005 |7 0 |8 A |9 387734 |a BIBART |b BIBART |d 2019-11-22 |i 499423K |o 418.02 RIC 2005 |p 499423K |r 2025-03-13 |w 2019-11-22 |y BK |k ART | ||